| 000 | 00982nam a22002537a 4500 | ||
|---|---|---|---|
| 003 | BPGM | ||
| 008 | 260627e1991 mx ocb|g ||||s001 0 spa d | ||
| 020 | _a968-6140-91-3 | ||
| 040 | _bspa | ||
| 041 |
_aspa _hspa |
||
| 082 | 0 | 4 |
_a709.7245 _bQ47 |
| 110 | _aGOBIERNO DEL ESTADO DE QUERETARO | ||
| 245 | _aQUERETARO EN LA CULTURA Y LAS ARTES MEMORIA 1989-1991 | ||
| 250 |
_aPRIMERA EDICION _b1991 |
||
| 260 |
_aMEXICO _bGOBIERNO DEL ESTADO DE QUERETARO _c1991 |
||
| 300 |
_a130 paginas _c28 cm x 21.5 cm |
||
| 336 |
_2rdacontent _atexto _btxt |
||
| 337 |
_2rdamedia _asin mediación _bn |
||
| 338 |
_2rdacarrier _avolumen _bnc |
||
| 505 | _aes un documento institucional e histórico de gran relevancia para entender el proceso de descentralización cultural y el florecimiento institucional de Querétaro a finales del siglo XX. | ||
| 650 | _2 LAS ARTES BELLAS ARTES Y ARTES DECORATIVAS | ||
| 650 | _2TRATAMIENTO HISTÓRICO, GEOGRAFICO, DE PERSONAS | ||
| 942 |
_2ddc _cCOLQ |
||
| 999 |
_c68689 _d68689 |
||